| 000 | 00474nam a2200181 4500 | ||
|---|---|---|---|
| 003 | SEACOMEC | ||
| 005 | 20241209121138.0 | ||
| 008 | 241209b |||||||| |||| 00| 0 eng d | ||
| 020 |
_a978-0132257732 _c395.00 |
||
| 040 | _aSEACOMEC | ||
| 082 |
_a658 _bR636 |
||
| 100 | _aRobbins, Stephen P. | ||
| 245 |
_aManagement,/ _cStephen P. Robbins &, Mary K. Coulter |
||
| 250 | _a9th ed | ||
| 260 |
_aNew Delhi : _b Pearson Education _c2008 |
||
| 300 | _a738 p | ||
| 942 | _cBOOK | ||
| 999 |
_c1867 _d1867 |
||